000
00261nam a2200109Ia 4500
008
190216s9999||||xx |||||||||||||| ||und||
100
_a
Jayannathan V R
245
0
_a
Hindi-Prayog Aur Prayog
260
_b
Oxford University Press
650
_a
Hindi
942
_c
BK
999
_c
15462
_d
15462